000 00746nam a2200205 i 4500
001 144038
003 ES-MaACL
005 20240527160108.0
007 t|
008 070214s1958 sp |||| | spa d
100 1 _aSimón Tobalina, Juan Luis de.
_9106553
245 1 0 _aFundamento filosófico de la Unión Europea
_b: [conferencia... Ateneo Mercantil de Valencia, 27 de mayo de 1957] /
_cJuan Luis de Simón Tobalina.
260 _a[Valencia] :
_bInstituto Valenciano de Economía,
_c1958 (
_fSucesores de Vives Mora)
300 _a34 p. ;
_c18 cm.
610 2 0 _a
_9236704
710 2 _aAteneo Mercantil (Valencia)
_92050
710 2 _aInstituto Valenciano de Economía.
_95250
852 _aES-MaACL
_j2003-F-4
999 _c144038
_d144038